Statistics for Least Dense Countries Bordering Each Other

Click here to take the quiz!

General Stats

  • This quiz has been taken 2,831 times
    (2,219 since last reset)
  • The average score is 21 of 25

Answer Stats

Country% Correct
Russia
98%
Mongolia
97%
Kazakhstan
94%
Chad
90%
Algeria
88%
Finland
87%
Libya
87%
Mali
87%
Norway
87%
Niger
86%
Mauritania
85%
Turkmenistan
85%
Central African Republic
82%
Republic of the Congo
80%
Brazil
79%
Argentina
78%
Namibia
78%
Bolivia
77%
South Sudan
77%
Botswana
76%
Paraguay
75%
Suriname
73%
Guyana
72%
Zambia
72%
Gabon
68%

Score Distribution

Percentile by Number Answered

Percent of People with Each Score

Your Score History

You have not taken this quiz since the last reset